Technological Advances in Dentistry and Oral Surgery (Record no. 18062)

MARC details
000 -LEADER
fixed length control field 00392nam a22001457a 4500
003 - CONTROL NUMBER IDENTIFIER
control field SGT
020 ## - INTERNATIONAL STANDARD BOOK NUMBER
International Standard Book Number 9781455710942
082 ## - DEWEY DECIMAL CLASSIFICATION NUMBER
Classification number 617.525
Item number T11H
100 ## - MAIN ENTRY--PERSONAL NAME
Personal name Harry Dym, Orrett E. Ogle
245 ## - TITLE STATEMENT
Title Technological Advances in Dentistry and Oral Surgery
260 ## - PUBLICATION, DISTRIBUTION, ETC. (IMPRINT)
Place of publication, distribution, etc London, United Kingdom
Name of publisher, distributor, etc Elsevier Health Sciences
Year of Publication 2011
300 ## - PAGE DESCRIPTION
No. of Pages 419-648
650 ## - SUBJECT ADDED ENTRY--TOPICAL TERM
Topical term or geographic name as entry element Oral Surgery
942 ## - ADDED ENTRY ELEMENTS (KOHA)
Source of classification or shelving scheme Dewey Decimal Classification
Koha item type Books
Holdings
Withdrawn status Lost status Source of classification or shelving scheme Damaged status Not for loan Home library Current library Shelving location Date acquired Vendor Name Volume Information (Serial or Books or Non-Book Material) SGTU Total Checkouts Full call number Accession No. (Barcode) Date last seen Bill Date Koha item type
    Dewey Decimal Classification     SGT Dental Library SGT Dental Library Reference Book 28/05/2019 AHUJA SUBSCRIPTION AGENCY 55.3 SGTU   617.525 T11H FD8035 28/05/2019 28/05/2019 Books